000 00435nam a2200181Ia 4500
001 3100
005 20260306144856.0
008 260306t1994||||xx |||||||||||||| ||spa||
041 _aESP
082 _a250.99
_bM86
100 _aMoreira Neves, Lucas
_eAUT
245 0 _aSanto Domingo:
_banálisis y comentarios
260 _c1994
300 _a215 páginas :
_c20 cm.
650 _aGEN
654 _aCHU
942 _cLIB
_dJUS
_fJUS
_2ddc
_n
999 _c3100
_d3100